| 000 | 00559nam a22002057a 4500 | ||
|---|---|---|---|
| 003 | OSt | ||
| 005 | 20140310183649.0 | ||
| 008 | 140111b xxu||||| |||| 00| 0 eng d | ||
| 020 | _a9780240812359 | ||
| 050 |
_aP 96.A86 _b.F75 2010 |
||
| 100 | _aFriedmann, Anthony | ||
| 245 |
_aWriting for visual media / _cAnthony Friedmann. |
||
| 260 |
_aUnited States : _bElsevier Inc., _c2010. |
||
| 300 |
_a399 p. : _b23 cm. _c24 cm. |
||
| 521 | _aMC | ||
| 650 |
_aMass Media _xAutorship |
||
| 650 | _aVisual Communication | ||
| 942 |
_2lcc _cBK _kFOR |
||
| 999 |
_c26032 _d26032 |
||